El Bosc i la bassa : la vida en dos ecosistemes / Lluís M. del Carmen, Konrad Ammann la vida en dos ecosistemes / Lluís M. del Carmen, Konrad Ammann
Publicado:
Barcelona :
Diputació de Barcelona, Servei d'Ensenyament i Investigació : Editorial Graó de Serveis Pedagògics ,
1985
Descripción Física:
59 p. : il. ; 20 x 21 cm
Colección:
Biblioteca de la classe ; 3
Otros Autores:
Ammann, Konrad
Materias:
Ecologia
MARC
| LEADER | 00000nam a2200000Ia 4500 | ||
|---|---|---|---|
| 001 | 1621 | ||
| 008 | 160829s1985 xx 000 0 cat d | ||
| 080 | |a C-1-378 | ||
| 100 | |a Carmen, Lluís M. del |9 26162 | ||
| 245 | |a El Bosc i la bassa : |b la vida en dos ecosistemes / Lluís M. del Carmen, Konrad Ammann | ||
| 260 | |a Barcelona : |b Diputació de Barcelona, Servei d'Ensenyament i Investigació : |b Editorial Graó de Serveis Pedagògics , |c 1985 | ||
| 300 | |a 59 p. : |b il. ; |c 20 x 21 cm | ||
| 490 | |a Biblioteca de la classe ; 3 | ||
| 650 | |a Ecologia |9 37601 | ||
| 700 | |a Ammann, Konrad |9 26163 | ||
| 710 | 1 | |a Barcelona (Catalunya : Província). |b Servei d'Ensenyament i Investigació |9 54366 | |
| 901 | |a Arxiu | ||
| 942 | |n 1 | ||
| 952 | |0 0 |1 0 |4 0 |6 C1378 |7 1 |9 43903 |a Arxiu |b Arxiu |d 2016-12-01 |l 0 |o C-1-378 |p 1621 |r 2016-12-01 00:00:00 |w 2016-12-01 |y ARXIU | ||
| 999 | |c 46483 |d 46483 | ||